| 000 | 00513 a2200169 4500 | ||
|---|---|---|---|
| 005 | 20250409133309.0 | ||
| 020 | _a978-0-07-293210-2 | ||
| 082 | _a651.7 LOC | ||
| 100 | _aLOCKER, K.O. | ||
| 245 | _aBusiness Communication: Building Critical Skills. | ||
| 250 | _a3rd Ed. | ||
| 260 |
_aNew York, _bMcgraw- Hill Irwin, _c2007. |
||
| 300 |
_axxvi,557p.: Ill.; figures & picture. _bIndex. _c27cm. |
||
| 700 | _aKACZMAREK, S.K | ||
| 856 |
_yAccess Online Book _fBusiness Communication _dwww.mhhe.com |
||
| 942 |
_2ddc _cBKS |
||
| 999 |
_c1246 _d1246 |
||